[Event "Wch U08 rapid"]
[Site "Minsk"]
[Date "2018.06.23"]
[Round "7"]
[White "Golovchenko, Bogdan"]
[Black "Komilov, Jahongir"]
[Result "1-0"]
[WhiteElo "1514"]
[BlackElo "1264"]
[PlyCount "129"]
[EventDate "2018.06.22"]
[EventType "swiss (rapid)"]
[EventRounds "9"]
[EventCountry "BLR"]
[SourceTitle "EXT 2019"]
[Source "ChessBase"]
[SourceDate "2018.10.10"]
[SourceVersion "1"]
[SourceVersionDate "2018.10.10"]
[SourceQuality "1"]

1. c4 Nf6 2. Nc3 g6 3. Nf3 Bg7 4. d4 d6 5. g3 0-0 6. Bg2 Nc6 7. 0-0 e5 8. d5 Ne7 9. b4 Nd7 10. Rb1 h6 11. e4 Kh7 12. a4 f5 13. a5 a6 14. Bd2 f4 15. Ne2 g5 16. h3 Nf6 17. Qc2 g4 18. hxg4 Bxg4 19. Rfe1 Rg8 20. Nh4 Bh8 21. Nxf4 exf4 22. e5+ Ng6 23. exf6 Qxf6 24. Bxf4 Raf8 25. Be4 Bh5 26. Nxg6 Bxg6 27. Bxg6+ Rxg6 28. Re6 Qf7 29. Rbe1 Kg7 30. Rxg6+ Qxg6 31. Re7+ Rf7 32. Qxg6+ Kxg6 33. Rxf7 Kxf7 34. Bxh6 Bc3 35. b5 axb5 36. cxb5 Bxa5 37. Be3 Bc3 38. Kg2 Be5 39. Kf3 Kg6 40. Ke4 Kf6 41. Bd4 Bxd4 42. Kxd4 Kf5 43. f3 Kg6 44. Ke4 Kf6 45. f4 Kg6 46. g4 Kf6 47. Kd4 Kg6 48. Kc4 Kf6 49. b6 cxb6 50. Kb5 Ke7 51. Kxb6 Kf6 52. Kxb7 Ke7 53. Kc6 Kf6 54. Kxd6 Kf7 55. Kc7 Ke7 56. d6+ Ke6 57. d7 Kd5 58. d8Q+ Ke4 59. Qd2 Kf3 60. g5 Kg4 61. Kd6 Kf5 62. Kd5 Kg4 63. Ke4 Kh5 64. Kf5 Kh4 65. Qh2# 1-0

[Event "Wch U08 rapid"]
[Site "Minsk"]
[Date "2018.06.22"]
[Round "3"]
[White "Begmuratov, Khumoyun"]
[Black "Komilov, Jahongir"]
[Result "1-0"]
[WhiteElo "1652"]
[BlackElo "1264"]
[PlyCount "71"]
[EventDate "2018.06.22"]
[EventType "swiss (rapid)"]
[EventRounds "9"]
[EventCountry "BLR"]
[SourceTitle "EXT 2019"]
[Source "ChessBase"]
[SourceDate "2018.10.10"]
[SourceVersion "1"]
[SourceVersionDate "2018.10.10"]
[SourceQuality "1"]

1. Nf3 Nf6 2. b3 d5 3. Bb2 Nc6 4. e3 g6 5. d4 Bg7 6. Bd3 0-0 7. 0-0 e6 8. a3 b6 9. c4 Bb7 10. Nc3 Ne7 11. Rc1 c5 12. cxd5 exd5 13. dxc5 bxc5 14. Na4 d4 15. Nxc5 Bxf3 16. Qxf3 dxe3 17. Bxf6 exf2+ 18. Rxf2 Bh6 19. Rc4 Rc8 20. Re2 Re8 21. Ne4 Rxc4 22. bxc4 Qb6+ 23. c5 Qc6 24. Bxe7 Rxe7 25. Nf6+ Qxf6 26. Qxf6 Be3+ 27. Rxe3 Rxe3 28. Qd8+ Kg7 29. Qd4+ Kg8 30. Qxe3 a5 31. c6 Kg7 32. c7 a4 33. c8Q h5 34. Qd4+ Kh6 35. Qch8+ Kg5 36. h4# 1-0